000 00623nam a2200229Ia 4500
003 OSt
005 20220928145254.0
006 a|||||r|||| 00| 0
007 ta
008 220927b |||||||| |||| 00| 0 eng d
024 _a79775
037 _cTextual
040 _aSDCL
_cSDCL
_beng
041 _2eng
_aeng
082 _aV73:191(X)'N7, L9
100 _aChomsky Noam
_9387377
245 0 _aWashington connection and third world Fascism
260 _c1979
700 _a Herman Edward S
_9463527
942 _hV73:191(X)'N7, L9
_cTEXL
_2CC
999 _c832850
_d832850